[Event "56th World U20 ch"]
[Site "Tarvisio ITA"]
[Date "2017.11.15"]
[Round "3.71"]
[White "Schweighoffer, Martin"]
[Black "Willathgamuwa, Rowan"]
[Result "0-1"]
[WhiteElo "2123"]
[BlackElo "1907"]
[EventDate "2017.11.13"]
[PlyCount "72"]

1.e4 c5 2.Nc3 d6 3.g3 Nf6 4.Bg2 Nc6 5.d3 g6 6.h3 Bg7 7.Be3 O-O 8.Qd2 Re8 
9.Bh6 Bh8 10.f4 Nd4 11.Nd1 e5 12.f5 Nh5 13.c3 Nxg3 14.cxd4 Nxh1 15.Bxh1 
exd4 16.Nf2 Bxf5 17.Ne2 Be6 18.Nf4 d5 19.Nxe6 fxe6 20.O-O-O c4 21.exd5 c3 
22.Qc2 Qh4 23.Ng4 Bf6 24.dxe6 Bg5+ 25.Bxg5 Qxg5+ 26.Kb1 h5 27.Nf2 cxb2 28.
Qc7 Rec8 29.Qf7+ Kh8 30.Kxb2 Rf8 31.Qd7 Rxf2+ 32.Kb3 Qc5 33.Rc1 Qb6+ 34.
Kc4 Rd8 35.Qxb7 Qxe6+ 36.Bd5 Qc8+ 0-1

[Event "56th World U20 ch"]
[Site "Tarvisio ITA"]
[Date "2017.11.15"]
[Round "3.72"]
[White "De Block, Yordi"]
[Black "Lin Zhaochen"]
[Result "1-0"]
[WhiteElo "2119"]
[BlackElo "1852"]
[EventDate "2017.11.13"]
[PlyCount "125"]

1.d4 Nf6 2.Bf4 d5 3.e3 Bg4 4.Nf3 e6 5.h3 Bxf3 6.Qxf3 Bd6 7.Bd3 c5 8.c3 
cxd4 9.exd4 Bxf4 10.Qxf4 Nc6 11.O-O O-O 12.Nd2 Rb8 13.a4 Qe7 14.Rfe1 Rfc8 
15.Nf3 a6 16.Qh4 g6 17.Ne5 Nh5 18.Qxe7 Nxe7 19.Nd7 Nc6 20.Nxb8 Rxb8 21.b4 
Ne7 22.a5 Rc8 23.Rec1 Nf5 24.b5 axb5 25.Bxb5 Nd6 26.Bf1 Nf6 27.Rab1 Kf8 
28.f3 h5 29.Rb6 Ke7 30.Rcb1 Nd7 31.R6b3 Kd8 32.Bb5 Ra8 33.Ra3 Kc7 34.Be2 
Nb8 35.Kf2 Nc6 36.Rba1 Rh8 37.a6 b5 38.Rb3 Na7 39.Bd3 h4 40.Re1 Kd7 41.g4 
hxg3+ 42.Kxg3 Rh6 43.h4 Kc6 44.Kg4 Kd7 45.Reb1 Kc6 46.Rh1 Rh5 47.Re1 Kd7 
48.Re5 Rh8 49.Rb1 Rc8 50.Rb3 Rh8 51.f4 Ke7 52.Re1 Kd7 53.Re5 Ke7 54.Rb2 
Rc8 55.Rh2 Kf6 56.Rc2 Rc6 57.h5 gxh5+ 58.Rxh5 Rxa6 59.f5 e5 60.dxe5+ Kxe5 
61.Re2+ Ne4 62.Bxe4 dxe4 63.f6+ 1-0

[Event "56th World U20 ch"]
[Site "Tarvisio ITA"]
[Date "2017.11.15"]
[Round "3.73"]
[White "Fuentes Parra, Victor Ignacio"]
[Black "Posocco, Dennis"]
[Result "1-0"]
[WhiteElo "2087"]
[BlackElo "1564"]
[EventDate "2017.11.13"]
[PlyCount "71"]

1.Nf3 d5 2.d4 Nf6 3.e3 a6 4.Bd3 e6 5.b3 Be7 6.Bb2 O-O 7.Nbd2 Nbd7 8.O-O b6
9.Ne5 Bb7 10.f4 c5 11.c4 dxc4 12.bxc4 cxd4 13.exd4 Nxe5 14.fxe5 Nd7 15.Qc2
g6 16.Be4 Qc7 17.Bxb7 Qxb7 18.a4 f6 19.exf6 Nxf6 20.Rae1 Qc6 21.Nf3 Bd6 
22.Ng5 Rae8 23.Rf3 Ng4 24.h3 Rxf3 25.Nxf3 Nf6 26.Ne5 Bxe5 27.dxe5 Qc5+ 28.
Kh2 Nd5 29.Ba3 Qxa3 30.cxd5 exd5 31.Qc6 Rf8 32.Qxd5+ Kg7 33.e6 Qc5 34.Qd2 
Kf6 35.Qb2+ Ke7 36.Qg7+ 1-0

[Event "56th World U20 ch"]
[Site "Tarvisio ITA"]
[Date "2017.11.15"]
[Round "3.74"]
[White "Lindholm, Jere"]
[Black "Araya Pozo, Francisco Javier"]
[Result "1-0"]
[WhiteElo "2064"]
[BlackElo "1416"]
[EventDate "2017.11.13"]
[PlyCount "64"]

1.e4 e6 2.d4 d5 3.Nc3 Bb4 4.e5 c5 5.a3 cxd4 6.Qxd4 Bxc3+ 7.Qxc3 Nc6 8.Qg3 
g6 9.Nf3 Qc7 10.Bd3 Bd7 11.Bg5 h6 12.Be3 Nge7 13.O-O h5 14.Bg5 O-O-O 15.
Rac1 Rde8 16.b4 Nf5 17.Qf4 Qb6 18.c4 Kb8 19.c5 Qc7 20.b5 Nce7 21.h3 d4 22.
g4 Nd5 23.Qe4 Nc3 24.Qe1 hxg4 25.hxg4 Ne7 26.Nxd4 Ncd5 27.c6 Bc8 28.cxb7 
Qxb7 29.Be4 Bd7 30.Rb1 Ka8 31.Qa5 Qb6 32.Qa4 Rc8 1-0

[Event "56th World U20 ch"]
[Site "Tarvisio ITA"]
[Date "2017.11.16"]
[Round "4.1"]
[White "Kobo, Ori"]
[Black "Alexeenko, Kiril"]
[Result "0-1"]
[WhiteElo "2460"]
[BlackElo "2563"]
[EventDate "2017.11.13"]
[PlyCount "98"]

1.d4 d5 2.Bf4 c5 3.e3 Nc6 4.c3 Bf5 5.Nd2 cxd4 6.exd4 e6 7.Ngf3 a6 8.Be2 
Bd6 9.Bxd6 Qxd6 10.Nh4 Bg6 11.Nxg6 hxg6 12.g3 Nf6 13.Bd3 O-O 14.O-O b5 15.
a3 Rfc8 16.Nf3 Na5 17.Qe2 Nc4 18.Ne5 Qb6 19.Rae1 Nd6 20.Nxg6 fxg6 21.Qxe6+
Kh7 22.Qh3+ Kg8 23.Qe6+ Kh7 24.Qh3+ Kg8 25.Bxg6 Qc7 26.f3 Nf7 27.Re3 Re8 
28.Rfe1 Rxe3 29.Rxe3 Kf8 30.Bxf7 Kxf7 31.Qe6+ Kf8 32.Re5 a5 33.Qh3 Qf7 34.
g4 Kg8 35.g5 Nd7 36.Re3 Nf8 37.Qg4 b4 38.h4 bxa3 39.bxa3 Rb8 40.Kg2 Ng6 
41.Kg3 Rb2 42.Qc8+ Kh7 43.Qg4 Nf4 44.Qxf4 Rg2+ 45.Kxg2 Qxf4 46.Re5 Qd2+ 
47.Kg3 Qxc3 48.Rxd5 Qxa3 49.h5 Qe3 0-1

[Event "56th World U20 ch"]
[Site "Tarvisio ITA"]
[Date "2017.11.16"]
[Round "4.2"]
[White "Harsha, Bharathakoti"]
[Black "Sorokin, Alexei"]
[Result "0-1"]
[WhiteElo "2445"]
[BlackElo "2483"]
[EventDate "2017.11.13"]
[PlyCount "64"]

1.Nf3 Nf6 2.c4 g6 3.Nc3 d5 4.Qa4+ Bd7 5.Qb3 dxc4 6.Qxc4 a6 7.d4 b5 8.Qb3 
c5 9.dxc5 Bg7 10.e4 O-O 11.Be2 Be6 12.Qc2 Nbd7 13.Be3 Rc8 14.Rd1 b4 15.Na4
Qa5 16.b3 Ng4 17.Bd4 Bxd4 18.Nxd4 Nxc5 19.Nxc5 Rxc5 20.Qb1 Bc8 21.O-O Qc7 
22.Nf3 Rc3 23.Rd3 Bb7 24.Rxc3 bxc3 25.Qc2 Rd8 26.Rc1 Qc5 27.Rf1 Ne3 28.b4 
Nxc2 29.bxc5 Nb4 30.Rc1 Nxa2 31.Rc2 Bxe4 32.Rxa2 Bb1 0-1

[Event "56th World U20 ch"]
[Site "Tarvisio ITA"]
[Date "2017.11.16"]
[Round "4.3"]
[White "Praggnanandhaa, R."]
[Black "Van Foreest, Jorden"]
[Result "1-0"]
[WhiteElo "2509"]
[BlackElo "2616"]
[EventDate "2017.11.13"]
[PlyCount "87"]

1.e4 e5 2.Nf3 Nc6 3.Bc4 Bc5 4.O-O Nf6 5.d3 d6 6.c3 a6 7.Bb3 Ba7 8.Re1 O-O 
9.h3 h6 10.Nbd2 Re8 11.Nf1 Be6 12.Bc2 d5 13.exd5 Nxd5 14.Ng3 Qd6 15.Nh4 
Qe7 16.Qh5 Rad8 17.d4 Nf4 18.Bxf4 exf4 19.Nf1 Qf6 20.Nf3 Re7 21.Bb3 Bxb3 
22.axb3 Rde8 23.N1d2 Nd8 24.b4 c6 25.Qg4 Rxe1+ 26.Rxe1 Rxe1+ 27.Nxe1 Ne6 
28.Nd3 Qg5 29.Ne4 Qxg4 30.hxg4 Kf8 31.Kf1 Ke7 32.Ke2 g5 33.Ndc5 Bxc5 34.
bxc5 Ng7 35.Nd6 b5 36.Kd3 Ke6 37.Ke4 h5 38.f3 hxg4 39.fxg4 a5 40.Nb7 a4 
41.Nd8+ Kd7 42.Nxf7 Ne6 43.Ne5+ Kc7 44.Nxc6 1-0

[Event "56th World U20 ch"]
[Site "Tarvisio ITA"]
[Date "2017.11.16"]
[Round "4.4"]
[White "Oparin, Grigory"]
[Black "Triapishko, Alexander"]
[Result "1-0"]
[WhiteElo "2606"]
[BlackElo "2508"]
[EventDate "2017.11.13"]
[PlyCount "111"]

1.c4 e5 2.Nc3 Nf6 3.Nf3 Nc6 4.e3 Bb4 5.Qc2 Bxc3 6.bxc3 O-O 7.e4 d6 8.g3 
Nd7 9.Bg2 Nb6 10.d3 f5 11.Nh4 f4 12.Nf3 Bg4 13.gxf4 exf4 14.h4 Qe8 15.Rb1 
Bxf3 16.Bxf3 Ne5 17.Be2 Qg6 18.Bf1 Rae8 19.h5 Qg5 20.Ba3 Rf6 21.Kd1 Rh6 
22.Qe2 c5 23.Bc1 Qf6 24.Kc2 Kh8 25.Rh3 Qf7 26.f3 Rxh5 27.Rxh5 Qxh5 28.Bxf4
Qf7 29.Qe3 Na4 30.Be2 a6 31.Bxe5 dxe5 32.Qg5 b5 33.Qf5 Qc7 34.cxb5 Qa5 35.
Rb3 axb5 36.Qd7 Rb8 37.Qd6 Qa8 38.a3 b4 39.axb4 cxb4 40.Rxb4 Rc8 41.Rc4 
Rb8 42.Kd2 Nb6 43.Rb4 Qa2+ 44.Ke1 Qa1+ 45.Kf2 Qa7 46.Kg2 h6 47.Rb5 Kh7 48.
Qxe5 Rf8 49.Ra5 Qd7 50.f4 Qc6 51.Bg4 Ra8 52.Bf5+ Kh8 53.Qe6 Qxe6 54.Rxa8+ 
Qg8 55.Rxg8+ Kxg8 56.c4 1-0

[Event "56th World U20 ch"]
[Site "Tarvisio ITA"]
[Date "2017.11.16"]
[Round "4.5"]
[White "Narayanan, Sunilduth Lyna"]
[Black "Lomasov, Semen"]
[Result "1/2-1/2"]
[WhiteElo "2585"]
[BlackElo "2490"]
[EventDate "2017.11.13"]
[PlyCount "149"]

1.Nf3 Nf6 2.c4 e6 3.g3 b6 4.Bg2 Bb7 5.d4 Be7 6.O-O O-O 7.Nc3 Ne4 8.Bd2 Bf6
9.Rc1 Nxd2 10.Qxd2 d6 11.d5 Bxc3 12.Rxc3 e5 13.e4 a5 14.Ne1 Nd7 15.Nd3 Qe7
16.Re1 Rfe8 17.b3 Nc5 18.Nc1 Bc8 19.a3 f5 20.exf5 Bxf5 21.b4 Nd7 22.Nb3 
axb4 23.axb4 Qf7 24.h3 Nf6 25.Rcc1 Ra3 26.Qb2 Ra4 27.Ra1 Rxa1 28.Rxa1 b5 
29.Qe2 Bd7 30.Nd2 Rb8 31.Ra7 bxc4 32.Qxc4 Ne8 33.Ne4 Bb5 34.Qc2 h6 35.Ra3 
Bd7 36.Rf3 Qe7 37.Qd2 Ra8 38.Kh2 Ra1 39.Qb2 Ra8 40.b5 Rb8 41.Bf1 Bc8 42.
Qc2 Bb7 43.Bc4 Bc8 44.Kg2 Bd7 45.Qd3 Rb6 46.g4 Rb8 47.Qe2 Nf6 48.Nxf6+ 
gxf6 49.Bd3 Qg7 50.Rg3 Qf7 51.Kh2 Kg7 52.Qe4 Kg8 53.Qe3 Bxb5 54.Qxh6 Bxd3 
55.Rxd3 Qh7 56.Qe3 Rb4 57.Rc3 Rxg4 58.Qa7 Qh6 59.Qb8+ Kh7 60.Rxc7+ Rg7 61.
Rxg7+ Kxg7 62.Qxd6 Qf4+ 63.Kg2 Qe4+ 64.Kf1 Qb1+ 65.Ke2 Qc2+ 66.Kf3 Qd3+ 
67.Kg2 Qe4+ 68.Kh2 Qf4+ 69.Kg1 Qg5+ 70.Kf1 Qc1+ 71.Kg2 Qg5+ 72.Kf3 Qf4+ 
73.Ke2 Qc4+ 74.Kd2 Qd4+ 75.Ke2 $11 1/2-1/2

[Event "56th World U20 ch"]
[Site "Tarvisio ITA"]
[Date "2017.11.16"]
[Round "4.6"]
[White "Van Foreest, Lucas"]
[Black "Tari, Aryan"]
[Result "0-1"]
[WhiteElo "2474"]
[BlackElo "2581"]
[EventDate "2017.11.13"]
[PlyCount "102"]

1.e4 e5 2.Nf3 Nc6 3.Bb5 a6 4.Ba4 Nf6 5.O-O Be7 6.d3 d6 7.c3 O-O 8.Nbd2 Re8
9.Re1 Bf8 10.Nf1 h6 11.Ng3 b5 12.Bc2 d5 13.Qe2 dxe4 14.dxe4 Be6 15.Nh4 g6 
16.Rd1 Qe7 17.h3 Kh7 18.Be3 Red8 19.Rxd8 Rxd8 20.Nf3 Nd7 21.Nd2 Nb6 22.Bb3
Na5 23.Bxb6 Nxb3 24.axb3 cxb6 25.Rxa6 Qg5 26.Ndf1 h5 27.Ne3 Bc5 28.Ngf1 b4
29.cxb4 Bd4 30.Ra7 Kg7 31.Nd2 Bxe3 32.fxe3 Bxh3 33.Nf3 Qg3 34.Ra1 Be6 35.
Qb5 Bxb3 36.Rf1 Rc8 37.Qxb6 Rc2 38.Ne1 Rxb2 39.Qf6+ Kg8 40.Qf3 Qg5 41.Nd3 
Rd2 42.Nc5 Bc4 43.Rf2 Rd6 44.Qh3 h4 45.Kh2 Rd1 46.Rc2 Bb5 47.Rf2 Bc4 48.
Rc2 Re1 49.Rxc4 Rxe3 50.Qc8+ Kh7 51.Rc1 h3 0-1

[Event "56th World U20 ch"]
[Site "Tarvisio ITA"]
[Date "2017.11.16"]
[Round "4.7"]
[White "Karthikeyan, Murali"]
[Black "Moroni, Luca jr"]
[Result "1-0"]
[WhiteElo "2578"]
[BlackElo "2506"]
[EventDate "2017.11.13"]
[PlyCount "163"]

1.Nf3 Nf6 2.g3 d5 3.Bg2 e6 4.O-O c5 5.d3 Nc6 6.Nbd2 g6 7.e4 Bg7 8.c3 O-O 
9.Re1 a5 10.a4 b6 11.Nf1 e5 12.Ne3 d4 13.Nd5 h6 14.Nd2 Be6 15.Nc4 Rb8 16.
Qf3 Kh7 17.Ra3 Nd7 18.h4 h5 19.Bh1 Ne7 20.Qe2 Nf6 21.Nxe7 Qxe7 22.Nxe5 Qe8
23.Bf4 Rd8 24.Nf3 Bg4 25.Bc7 Rc8 26.Bd6 Rg8 27.e5 Nd7 28.Ng5+ Kh8 29.Qe4 
Bf5 30.Qd5 f6 31.Nf7+ Kh7 32.e6 Ne5 33.Bxe5 Bxe6 34.Bf4 Bxd5 35.Rxe8 Bxf7 
36.Re7 Rgf8 37.Rb7 Rce8 38.Ra1 Re2 39.c4 Be6 40.Rxb6 Bf5 41.Bf3 Bxd3 42.
Bxe2 Bxe2 43.Bd2 f5 44.Bxa5 d3 45.f4 Bd4+ 46.Kg2 Re8 47.Bd2 Be3 48.Bxe3 
Rxe3 49.Rd6 Bg4 50.Rf1 Re2+ 51.Rf2 Bh3+ 52.Kg1 Re1+ 53.Kh2 Bf1 54.Rd2 Rc1 
55.Kg1 Rc2 56.Kxf1 Rxd2 57.b3 Rd1+ 58.Kf2 d2 59.Rd3 Rb1 60.Ke2 d1=Q+ 61.
Rxd1 Rxb3 62.Ra1 Kg7 63.a5 Rb7 64.Kd3 Kf7 65.a6 Ra7 66.Ra5 Ke6 67.Rxc5 
Rxa6 68.Re5+ Kd7 69.Kd4 Ra3 70.Re3 Ra1 71.Kd5 Rd1+ 72.Ke5 Ke7 73.Ra3 Re1+ 
74.Kd5 Rd1+ 75.Kc6 Rd6+ 76.Kb5 Rd1 77.c5 Re1 78.Kb6 Rb1+ 79.Kc7 Ke6 80.c6 
Re1 81.Rd3 Rc1 82.Rd6+ 1-0

[Event "56th World U20 ch"]
[Site "Tarvisio ITA"]
[Date "2017.11.16"]
[Round "4.9"]
[White "Liang, Awonder"]
[Black "Morozov, Nichita"]
[Result "1-0"]
[WhiteElo "2558"]
[BlackElo "2467"]
[EventDate "2017.11.13"]
[PlyCount "97"]

1.e4 e5 2.Nf3 Nc6 3.Nc3 Nf6 4.Bb5 Bc5 5.O-O O-O 6.Nxe5 Nxe5 7.d4 Bd6 8.f4 
Neg4 9.e5 Bb4 10.f5 d6 11.exf6 Nxf6 12.Bg5 c6 13.Bd3 d5 14.Qf3 h6 15.Bh4 
Bd6 16.Rae1 Qc7 17.Bxf6 gxf6 18.Qh5 Kg7 19.Qg4+ Kh7 20.Qh4 Kg7 21.Ne2 Rh8 
22.Nf4 Bxf4 23.Rxf4 h5 24.Rf3 Qd6 25.Rg3+ Kf8 26.Rge3 Kg7 27.Re7 Bd7 28.
R1e3 Rad8 29.c4 b6 30.h3 Rh6 31.Kh1 Kf8 32.Qe1 dxc4 33.Bxc4 Rh7 34.Bd3 Rg7
35.Qe2 c5 36.Qxh5 Qxe7 37.Qh8+ Rg8 38.Qh6+ Ke8 39.d5 Qxe3 40.Qxe3+ Kf8 41.
Qh6+ Ke7 42.d6+ Kxd6 43.Qxf6+ Kc7 44.Qxf7 Rdf8 45.Qd5 Bc6 46.Qe5+ Kb7 47.
Be4 Re8 48.Bxc6+ Kxc6 49.Qf4 1-0

[Event "56th World U20 ch"]
[Site "Tarvisio ITA"]
[Date "2017.11.16"]
[Round "4.10"]
[White "Christiansen, Johan-Sebastian"]
[Black "Bai Jinshi"]
[Result "1/2-1/2"]
[WhiteElo "2468"]
[BlackElo "2553"]
[EventDate "2017.11.13"]
[PlyCount "47"]

1.d4 Nf6 2.c4 c6 3.Nc3 d5 4.cxd5 cxd5 5.f3 Qb6 6.e4 dxe4 7.fxe4 e5 8.Bb5+ 
Nc6 9.d5 Bb4 10.Qd3 a6 11.Ba4 Qa5 12.Bd1 Nd4 13.Bd2 O-O 14.Nf3 Nxf3+ 15.
Bxf3 Bd7 16.a3 Bc5 17.Be3 Qb6 18.Bxc5 Qxc5 19.Qe2 Rac8 20.Qf2 Qc4 21.Qe2 
Qc5 22.Qf2 Qc4 23.Qe2 Qc5 24.Qf2 1/2-1/2

[Event "56th World U20 ch"]
[Site "Tarvisio ITA"]
[Date "2017.11.16"]
[Round "4.11"]
[White "Shevchenko, Kirill"]
[Black "Lobanov, Sergei"]
[Result "1/2-1/2"]
[WhiteElo "2550"]
[BlackElo "2435"]
[EventDate "2017.11.13"]
[PlyCount "69"]

1.d4 Nf6 2.c4 e6 3.g3 d5 4.Bg2 Be7 5.Nf3 O-O 6.O-O dxc4 7.Ne5 Nc6 8.Nxc6 
bxc6 9.Na3 Bxa3 10.bxa3 Rb8 11.Qa4 Qxd4 12.Be3 Qe5 13.Qxc4 Nd5 14.Bd4 Ba6 
15.Bxe5 Bxc4 16.Bf3 f6 17.Bd4 a5 18.a4 Rfd8 19.Rfc1 Rb4 20.e4 Nb6 21.Bxb6 
cxb6 22.a3 Rb3 23.Bd1 Rxd1+ 24.Rxd1 Bd3 25.f3 c5 26.Ra2 c4 27.Rdd2 Kf7 28.
Kf2 e5 29.Rdb2 Bb1 30.Rxb3 cxb3 31.Rb2 Bc2 32.Ke3 Ke6 33.Kd2 Kd6 34.Rxc2 
bxc2 35.Kxc2 $11 1/2-1/2

[Event "56th World U20 ch"]
[Site "Tarvisio ITA"]
[Date "2017.11.16"]
[Round "4.12"]
[White "Sarana, Alexei"]
[Black "Haria, Ravi"]
[Result "1-0"]
[WhiteElo "2543"]
[BlackElo "2364"]
[EventDate "2017.11.13"]
[PlyCount "75"]

1.d4 d5 2.c4 e6 3.Nf3 a6 4.cxd5 exd5 5.Nc3 c6 6.Qc2 Bd6 7.Bg5 Ne7 8.e3 Bf5
9.Qxf5 Nxf5 10.Bxd8 Kxd8 11.Bd3 Ne7 12.g4 Nd7 13.h4 f6 14.Ke2 Kc7 15.h5 
Nf8 16.Nh4 Ne6 17.Bf5 Nf8 18.Bd3 Re8 19.f4 g5 20.hxg6 hxg6 21.Kf3 Kb8 22.
f5 g5 23.Ng6 Nfxg6 24.fxg6 Rhg8 25.Rh6 c5 26.Rah1 cxd4 27.exd4 Nc6 28.Ne2 
Bc7 29.Bf5 Bb6 30.Bd7 Re7 31.Rh8 Rg7 32.Be6 Rxh8 33.Rxh8+ Ka7 34.Bf5 Bxd4 
35.Rh7 Rg8 36.g7 Re8 37.Rh8 Re3+ 38.Kf2 1-0

[Event "56th World U20 ch"]
[Site "Tarvisio ITA"]
[Date "2017.11.16"]
[Round "4.13"]
[White "Makhnev, Denis"]
[Black "Xu Xiangyu"]
[Result "0-1"]
[WhiteElo "2379"]
[BlackElo "2543"]
[EventDate "2017.11.13"]
[PlyCount "98"]

1.d4 d5 2.Nf3 Bf5 3.e3 e6 4.Bd3 Bg6 5.O-O Nf6 6.Nbd2 Nbd7 7.Bxg6 hxg6 8.
Qe2 Bd6 9.g3 c6 10.e4 Nxe4 11.Nxe4 dxe4 12.Qxe4 Qa5 13.Ng5 Nf6 14.Qf3 Qf5 
15.c3 Nh7 16.h4 Nxg5 17.Qxf5 gxf5 18.hxg5 Kd7 19.Kg2 a5 20.Be3 Rh5 21.Rh1 
Rah8 22.Rxh5 Rxh5 23.Rd1 Rh8 24.Rc1 Rh7 25.Rd1 Rh5 26.Re1 Rh8 27.Rd1 Rh5 
28.Rc1 b6 29.Rc2 Be7 30.f4 Rh8 31.Rc1 b5 32.Rd1 Kc7 33.Rd2 Kd6 34.Bg1 a4 
35.Re2 Ra8 36.Kf3 Rh8 37.Re5 g6 38.Kg2 Bf8 39.Kf3 Bg7 40.Rc5 Kc7 41.Ke2 
Ra8 42.Kd3 Rb8 43.Kd2 Kd7 44.Kd3 Rh8 45.Ke2 Kc7 46.Ke1 Kb7 47.Ke2 Rd8 48.
Kd3 e5 49.d5 Bf8 0-1

[Event "56th World U20 ch"]
[Site "Tarvisio ITA"]
[Date "2017.11.16"]
[Round "4.14"]
[White "Begmuratov, Alisher"]
[Black "Yuffa, Daniil"]
[Result "0-1"]
[WhiteElo "2401"]
[BlackElo "2527"]
[EventDate "2017.11.13"]
[PlyCount "112"]

1.e4 c6 2.d4 d5 3.Nc3 dxe4 4.Nxe4 Bf5 5.Ng3 Bg6 6.h4 h6 7.Nf3 Nd7 8.h5 Bh7
9.Bd3 Bxd3 10.Qxd3 e6 11.Bd2 Ngf6 12.O-O-O Bd6 13.Ne4 Nxe4 14.Qxe4 Nf6 15.
Qe2 Bc7 16.c4 b5 17.Kb1 bxc4 18.Qxc4 O-O 19.Rc1 Rb8 20.Qxc6 Bd6 21.Rc2 Rb6
22.Qa4 Qb8 23.Ne5 Bxe5 24.dxe5 Qxe5 25.Bc3 Qb5 26.Qd4 Re8 27.f4 Qd5 28.Qa4
Rc8 29.Bxf6 Rxc2 30.Qxc2 gxf6 31.Rh3 Rc6 32.Qd3 Qxd3+ 33.Rxd3 Rc5 34.Rh3 
Kf8 35.b3 e5 36.fxe5 fxe5 37.Kb2 e4 38.Re3 f5 39.b4 Rd5 40.Kc3 Kf7 41.Rg3 
Rd1 42.Kc2 Rd7 43.a4 Kf6 44.Rg6+ Ke5 45.Rxh6 e3 46.Rh8 Rd2+ 47.Kc3 Rxg2 
48.h6 Kf4 49.Re8 Rh2 50.Re6 Kf3 51.b5 Rh1 52.Kd3 f4 53.a5 Rd1+ 54.Kc4 e2 
55.h7 Rh1 56.Kd3 Rxh7 0-1

[Event "56th World U20 ch"]
[Site "Tarvisio ITA"]
[Date "2017.11.16"]
[Round "4.15"]
[White "Dragnev, Valentin"]
[Black "Svane, Rasmus"]
[Result "1-0"]
[WhiteElo "2461"]
[BlackElo "2587"]
[EventDate "2017.11.13"]
[PlyCount "89"]

1.e4 e6 2.d4 d5 3.Nd2 Be7 4.Bd3 c5 5.dxc5 Nf6 6.Qe2 O-O 7.Ngf3 a5 8.O-O 
Na6 9.e5 Nd7 10.c4 Naxc5 11.Bc2 dxc4 12.Nxc4 b5 13.Nd6 Nxe5 14.Nxb5 Nxf3+ 
15.Qxf3 Bb7 16.Qh3 Be4 17.Bxe4 Nxe4 18.Bf4 Rc8 19.a4 Bc5 20.Rae1 Bxf2+ 21.
Rxf2 Nxf2 22.Kxf2 Qf6 23.Qf3 Qxb2+ 24.Kg1 Qb4 25.Ra1 Rfd8 26.h3 Rd5 27.Rf1
f6 28.Qg4 f5 29.Qg5 Rd7 30.Ra1 Rc4 31.Bg3 f4 32.Bf2 Qb3 33.Qe5 Rd1+ 34.Kh2
Rxa1 35.Qb8+ Rc8 36.Qxc8+ Kf7 37.Nd6+ Kg6 38.Qe8+ Kh6 39.Nf7+ Kg6 40.Nd6+ 
Kh6 41.Qe7 Rxa4 42.Bh4 Qd5 43.Bf6 gxf6 44.Qxf6+ Kh5 45.Nf7 1-0

[Event "56th World U20 ch"]
[Site "Tarvisio ITA"]
[Date "2017.11.16"]
[Round "4.16"]
[White "Gomez Sanchez, Jorge Marcos"]
[Black "Aravindh, Chithambaram"]
[Result "0-1"]
[WhiteElo "2426"]
[BlackElo "2572"]
[EventDate "2017.11.13"]
[PlyCount "90"]

1.e4 c5 2.Nf3 d6 3.Nc3 Nf6 4.e5 dxe5 5.Nxe5 a6 6.g3 Qc7 7.d4 e6 8.Bf4 Bd6 
9.Bg2 O-O 10.O-O Nc6 11.Nxc6 Bxf4 12.gxf4 bxc6 13.dxc5 Qxf4 14.Qf3 Qc4 15.
b3 Qxc5 16.Qxc6 Qxc6 17.Bxc6 Ra7 18.Ne4 Rc7 19.Nxf6+ gxf6 20.Be4 f5 21.Bd3
f4 22.f3 Kg7 23.Rae1 f5 24.Rf2 Kf6 25.Bc4 Rg8+ 26.Rg2 Rd8 27.Rge2 Rd6 28.
Kf2 Rc5 29.Rg1 Rd8 30.h4 e5 31.h5 Bb7 32.Bd3 Rc7 33.h6 Re7 34.Rg7 Rxg7 35.
hxg7 Rg8 36.Rd2 e4 37.fxe4 fxe4 38.Bxe4 Bxe4 39.Rd4 Ke5 40.Rd7 Bxc2 41.Ra7
Be4 42.b4 h5 43.Re7+ Kf5 44.Rf7+ Kg4 45.Re7 Bd5 0-1

[Event "56th World U20 ch"]
[Site "Tarvisio ITA"]
[Date "2017.11.16"]
[Round "4.17"]
[White "Pichot, Alan"]
[Black "Sosa, Tomas"]
[Result "1/2-1/2"]
[WhiteElo "2568"]
[BlackElo "2469"]
[EventDate "2017.11.13"]
[PlyCount "165"]

1.e4 e5 2.Nf3 Nc6 3.Bb5 a6 4.Ba4 Nf6 5.O-O b5 6.Bb3 Bc5 7.a4 Bb7 8.c3 d6 
9.d4 Bb6 10.Re1 h6 11.Be3 O-O 12.d5 Na5 13.Bxb6 cxb6 14.Na3 Nxb3 15.Qxb3 
bxa4 16.Qxa4 Rc8 17.Qb4 a5 18.Qb3 Ba6 19.Nd2 Nd7 20.c4 Kh7 21.Qe3 Qc7 22.
Nab1 Qc5 23.Qh3 Rc7 24.b3 g6 25.Nc3 Kg7 26.Qd3 Rb8 27.Reb1 Rcc8 28.Qc2 Qc7
29.Qa2 f5 30.exf5 gxf5 31.Qc2 Rf8 32.b4 axb4 33.Rxb4 Ra8 34.Rba4 Nc5 35.
Nb5 Qb7 36.Nxd6 Qd7 37.Rxa6 Rxa6 38.Rxa6 Nxa6 39.Nb5 Nc7 40.Nc3 Qd6 41.Nf1
Qc5 $11 42.Ne3 Qd4 43.g4 fxg4 44.Ne2 Qa1+ 45.Kg2 e4 46.Qxe4 Qf6 47.Nxg4 
Qf5 48.Qd4+ Kh7 49.Ne5 Re8 50.f4 b5 51.Ng3 Rg8 52.d6 Qc2+ 53.Qf2 Qxf2+ 54.
Kxf2 Ne6 55.Nh5 Rf8 56.cxb5 Rf5 57.Nd7 Rxb5 58.Ne5 Rb2+ 59.Kg3 Rd2 60.Nf6+
Kg7 61.Ne4 Re2 62.f5 Nd8 63.Kf4 Rxh2 64.d7 Rh4+ 65.Ke3 Rh3+ 66.Kd4 Rh1 67.
f6+ Kf8 68.Kc5 Re1 69.Kd4 Rd1+ 70.Kc5 Re1 71.Kd4 Rd1+ 72.Ke3 Re1+ 73.Kf4 
Ne6+ 74.Kf5 Nd4+ 75.Kg6 Ne6 76.Nc5 Nd8 77.Ncd3 Rh1 78.Nf4 Re1 79.Kf5 Rf1 
80.Ng6+ Kf7 81.Ne5+ Kf8 82.Kg4 Rg1+ 83.Kf5 1/2-1/2

[Event "56th World U20 ch"]
[Site "Tarvisio ITA"]
[Date "2017.11.16"]
[Round "4.18"]
[White "Keymer, Vincent"]
[Black "Donchenko, Alexander"]
[Result "0-1"]
[WhiteElo "2405"]
[BlackElo "2567"]
[EventDate "2017.11.13"]
[PlyCount "84"]

1.d4 d6 2.e4 Nf6 3.Nc3 g6 4.h3 c6 5.Nf3 Bg7 6.Be2 O-O 7.O-O Nbd7 8.Be3 e5 
9.dxe5 dxe5 10.a4 Qe7 11.Bc4 Nc5 12.Nd2 Rd8 13.Qb1 Nh5 14.Nf3 Ne6 15.Qa2 
Bd7 16.Rfd1 Nef4 17.Ne2 Qf6 18.Nxf4 Nxf4 19.Bxf4 Qxf4 20.Qb3 b6 21.Rd6 Be8
22.g3 Qh6 23.Rad1 Rxd6 24.Rxd6 Bf8 25.Rd3 Bg7 26.Kg2 Bf6 27.Qc3 a6 28.Bb3 
b5 29.axb5 axb5 30.Rd6 Qg7 31.h4 Rc8 32.Ng5 Be7 33.Re6 Kf8 34.Rxe5 b4 35.
Qd4 Rd8 36.Qc4 Qxe5 37.Nxf7 Qd4 38.Qe6 Bc5 39.Kh3 Qxf2 40.Nxd8 Qf1+ 41.Kg4
h5+ 42.Kg5 Be3# 0-1

[Event "56th World U20 ch"]
[Site "Tarvisio ITA"]
[Date "2017.11.16"]
[Round "4.19"]
[White "Boruchovsky, Avital"]
[Black "Vrolijk, Liam"]
[Result "1-0"]
[WhiteElo "2565"]
[BlackElo "2425"]
[EventDate "2017.11.13"]
[PlyCount "53"]

1.e4 e5 2.Nf3 Nc6 3.Bb5 Nf6 4.d3 Bc5 5.Bxc6 dxc6 6.Nbd2 Nd7 7.O-O O-O 8.
Nc4 Re8 9.a4 f6 10.Be3 Bf8 11.Nfd2 Nc5 12.f4 exf4 13.Rxf4 Be6 14.Qe2 Bf7 
15.Qf2 Ne6 16.Rh4 c5 17.Nf3 Qd7 18.Rf1 Bg6 19.Rh3 Nd4 20.Bxd4 cxd4 21.e5 
Re6 22.Nh4 Bf7 23.Qg3 Qc6 24.Qg4 Rae8 25.Rhf3 Rxe5 26.Nxe5 Rxe5 27.Rxf6 
1-0

[Event "56th World U20 ch"]
[Site "Tarvisio ITA"]
[Date "2017.11.16"]
[Round "4.20"]
[White "Liu Yan"]
[Black "Vaibhav, Suri"]
[Result "1-0"]
[WhiteElo "2422"]
[BlackElo "2560"]
[EventDate "2017.11.13"]
[PlyCount "89"]

1.d4 Nf6 2.Nf3 d5 3.c4 e6 4.e3 Be7 5.b3 O-O 6.Bd3 c5 7.O-O Nc6 8.Bb2 cxd4 
9.exd4 b6 10.Nbd2 Bb7 11.Rc1 Rc8 12.a3 Re8 13.Re1 Bf8 14.Bf1 g6 15.c5 a5 
16.Bb5 Nd7 17.Bxc6 Bxc6 18.b4 Bg7 19.Ne5 Nxe5 20.dxe5 axb4 21.axb4 bxc5 
22.bxc5 Bh6 23.Bd4 Ba4 24.Qe2 Bb5 25.Qd1 Ba4 26.Qe2 Bb5 27.Qd1 Qa5 28.Be3 
Bxe3 29.Rxe3 Qa7 30.Nb3 Bc4 31.Rec3 Rc7 32.Nd4 Qxc5 33.Qd2 Rb8 34.h4 h5 
35.Rf3 Qe7 36.Rf6 Kh7 37.Qf4 Rg8 38.Nb5 Rd7 39.Nd6 Rf8 40.Rc3 Kg7 41.Qg5 
Qd8 42.Nxf7 Rfxf7 43.Qxg6+ Kf8 44.Rcf3 Qc7 45.Qh7 1-0

[Event "56th World U20 ch"]
[Site "Tarvisio ITA"]
[Date "2017.11.16"]
[Round "4.21"]
[White "Petrosian, Manuel"]
[Black "Rakotomaharo, Fy Antenaina"]
[Result "1/2-1/2"]
[WhiteElo "2554"]
[BlackElo "2414"]
[EventDate "2017.11.13"]
[PlyCount "82"]

1.d4 Nf6 2.c4 g6 3.Nc3 d5 4.Nf3 Bg7 5.h4 c6 6.cxd5 cxd5 7.Bf4 Nc6 8.e3 O-O
9.Qb3 Qa5 10.Be2 Qb4 11.O-O Bg4 12.Rfc1 Nh5 13.Bh2 Rfd8 14.Qd1 e6 15.Na4 
Qe7 16.Nc5 Rac8 17.Ng5 Bxe2 18.Qxe2 e5 19.dxe5 Nxe5 20.Bxe5 Bxe5 21.Nd3 
Bf6 22.Qg4 Rxc1+ 23.Rxc1 h6 24.Nh3 Qe4 25.Nhf4 Nxf4 26.Qxf4 Qxf4 27.exf4 
Rd6 28.g3 Ra6 29.Rc8+ Kg7 30.Rc7 Rxa2 31.Rxb7 Bd4 32.Kg2 a5 33.Rb5 a4 34.
Rb4 Bf6 35.Ne5 g5 36.hxg5 hxg5 37.Rb7 Bxe5 38.fxe5 Kg6 39.g4 a3 40.bxa3 
Rxa3 41.Rb6+ Kg7 1/2-1/2

[Event "56th World U20 ch"]
[Site "Tarvisio ITA"]
[Date "2017.11.16"]
[Round "4.22"]
[White "Tran Tuan Minh"]
[Black "Bersamina, Paulo"]
[Result "1/2-1/2"]
[WhiteElo "2538"]
[BlackElo "2404"]
[EventDate "2017.11.13"]
[PlyCount "60"]

1.d4 Nf6 2.c4 e6 3.Nf3 Bb4+ 4.Bd2 Qe7 5.g3 Bxd2+ 6.Qxd2 O-O 7.Nc3 d6 8.Bg2
e5 9.O-O Nbd7 10.Rfe1 a5 11.e4 c6 12.Rad1 Nb6 13.b3 Bg4 14.h3 Bxf3 15.Bxf3
a4 16.d5 c5 17.Rb1 axb3 18.axb3 Ne8 19.Be2 Nc7 20.b4 Nd7 21.b5 Nb6 22.Bd3 
Ra3 23.Ra1 Rfa8 24.Rxa3 Rxa3 25.Qb2 Ra8 26.Nd1 Ne8 27.Ne3 g6 28.Kh2 h5 29.
Ng2 Nf6 30.Ra1 Qd8 1/2-1/2

[Event "56th World U20 ch"]
[Site "Tarvisio ITA"]
[Date "2017.11.16"]
[Round "4.23"]
[White "Kantor, Gergely"]
[Black "Bakhmatsky, Vladislav"]
[Result "1/2-1/2"]
[WhiteElo "2514"]
[BlackElo "2404"]
[EventDate "2017.11.13"]
[PlyCount "60"]

1.Nf3 c5 2.c4 Nc6 3.d4 cxd4 4.Nxd4 g6 5.e4 Nf6 6.Nc3 Nxd4 7.Qxd4 d6 8.Be2 
Bg7 9.Be3 O-O 10.Qd2 Be6 11.Rc1 Qa5 12.O-O Rfc8 13.b3 a6 14.f3 b5 15.Nd5 
Qxd2 16.Bxd2 Nxd5 17.cxd5 Bd4+ 18.Kh1 Bd7 19.Rxc8+ Rxc8 20.Rc1 Rxc1+ 21.
Bxc1 e6 22.dxe6 Bxe6 23.g4 d5 24.Bd3 dxe4 25.Bxe4 a5 26.Bc6 a4 27.Bxb5 
axb3 28.axb3 Bxb3 29.Bc6 Kg7 30.Kg2 Be6 $11 1/2-1/2